000 00338 a2200109 4500
001 ART_25988
005 20260410161727.0
008 260409a
245 1 0 _aOptimización de la relación producto mercado
100 1 _aLevy, Alberto R.
773 0 _tAdministración de empresas
_g- Año 6, Nº 70 (ene. 1976)
_wREV2036
999 _c17525
_d17525